| 000 | 00431nam a2200157Ia 4500 | ||
|---|---|---|---|
| 008 | 210716s1989 xx 000 0 und d | ||
| 020 | _a805370110 | ||
| 041 | _aeng | ||
| 082 | _a005.13 SEBR | ||
| 100 | _aSebesta, Robert W. | ||
| 245 | _aConcepts of programming languages. | ||
| 250 | _a8 | ||
| 260 |
_aCalifornia _bBenjamin/Cummings Publishing Company, Inc _c1989 |
||
| 300 | _a763 | ||
| 650 | _aProgramming Languages(005.13) | ||
| 999 |
_c193597 _d193597 |
||